[Event "Frauen Europameisterschaft"]
[Site "Dresden"]
[Date "2004.03.30"]
[Round "9.1"]
[White "Slavina, I."]
[Black "Peng, Z."]
[Result "1/2-1/2"]
[WhiteElo "2413"]
[BlackElo "2419"]
[PlyCount "93"]
[EventDate "2004.03.20"]

1. e4 e6 2. d4 d5 3. Nc3 Bb4 4. Nge2 Nf6 5. e5 Ne4 6. a3 Nxc3 7. Nxc3 Bxc3+ 8.
bxc3 O-O 9. Bd3 f6 10. exf6 Qxf6 11. O-O Nc6 12. Be3 Bd7 13. Rb1 b6 14. f4 Qe7
15. Qh5 g6 16. Qh6 Rf7 17. Ra1 Na5 18. h4 Rg7 19. Rfe1 Rf8 20. Qg5 Nb7 21. c4
Nd6 22. c5 Nf5 23. Bxf5 gxf5 24. Qxe7 Rxe7 25. Bf2 Rg7 26. a4 Kf7 27. g3 Rb8
28. Reb1 Rgg8 29. c3 Ke7 30. Rb4 Bc6 31. a5 bxc5 32. dxc5 a6 33. Kh2 Rxb4 34.
cxb4 h5 35. Bd4 Kd7 36. Kg2 Bb5 37. Rd1 Be2 38. Rd2 Bc4 39. Kf3 Rb8 40. Rb2 Kc6
41. Be5 Bd3 42. Ke3 Be4 43. Bc3 Rg8 44. Be1 Rb8 45. Kd4 Kd7 46. Ke5 c6 47. Kd4
1/2-1/2

[Event "Frauen Europameisterschaft"]
[Site "Dresden"]
[Date "2004.03.30"]
[Round "9.2"]
[White "Kosteniuk, A."]
[Black "Danielian, E."]
[Result "1-0"]
[WhiteElo "2469"]
[BlackElo "2428"]
[PlyCount "99"]
[EventDate "2004.03.20"]

1. e4 e6 2. d4 d5 3. Nc3 dxe4 4. Nxe4 Nd7 5. Nf3 Ngf6 6. Bd3 Nxe4 7. Bxe4 Nf6
8. Bg5 Qd6 9. Bxf6 gxf6 10. c3 Bd7 11. Nd2 c6 12. Qe2 O-O-O 13. Nc4 Qc7 14. b4
f5 15. Bd3 f6 16. O-O h5 17. a4 Kb8 18. Rfb1 h4 19. h3 Rg8 20. Qf3 Bh6 21. Bf1
Rg7 22. b5 Rdg8 23. b6 Qf4 24. bxa7+ Kxa7 25. Qe2 Bc8 26. Re1 e5 27. a5 Be6 28.
Nb6 Qe4 29. f3 Qxe2 30. Rxe2 e4 31. c4 Rg3 32. Kf2 Bf7 33. Ra3 Rd8 34. Rb2 Bf8
35. Rab3 Rxd4 36. Nc8+ Kb8 37. Rxb7+ Kxc8 38. Rb8+ Kc7 39. R2b7+ Kd6 40. Rxf7
Bh6 41. Rxf6+ Kc7 42. Rb6 Rd2+ 43. Ke1 Be3 44. Rbxc6+ Kd7 45. c5 exf3 46. gxf3
Rxf3 47. Bb5 Rd4 48. Rce6+ Kc8 49. Re8+ Rd8 50. Rc6+ 1-0

[Event "Frauen Europameisterschaft"]
[Site "Dresden"]
[Date "2004.03.30"]
[Round "9.4"]
[White "Arakhamia-Grant, K."]
[Black "Zhukova, N."]
[Result "0-1"]
[WhiteElo "2435"]
[BlackElo "2462"]
[PlyCount "78"]
[EventDate "2004.03.20"]

1. e4 e6 2. d4 d5 3. Nc3 Nf6 4. Bg5 Bb4 5. e5 h6 6. Bd2 Bxc3 7. bxc3 Ne4 8. Qg4
g6 9. Qf4 c5 10. Bd3 Bd7 11. Bxe4 dxe4 12. Ne2 Bc6 13. O-O g5 14. Qe3 Qd5 15.
c4 Qxc4 16. Bc3 Na6 17. dxc5 Nc7 18. Rfe1 Nd5 19. Qd4 Qxd4 20. Bxd4 Nb4 21.
Rec1 O-O-O 22. Rab1 Nd5 23. c3 Nf4 24. Ng3 g4 25. Re1 e3 26. fxe3 Nxg2 27. Rf1
Nh4 28. Rxf7 Nf3+ 29. Kf2 h5 30. Rf6 h4 31. Nf1 Rdf8 32. Rd1 Rxf6 33. exf6 e5
34. c4 exd4 35. exd4 Rf8 36. d5 Ba4 37. Rc1 Rxf6 38. Kg2 Ne5 39. Ne3 Bd7 0-1

[Event "Frauen Europameisterschaft"]
[Site "Dresden"]
[Date "2004.03.30"]
[Round "9.5"]
[White "Socko, M."]
[Black "Cramling, P."]
[Result "1-0"]
[WhiteElo "2415"]
[BlackElo "2488"]
[PlyCount "85"]
[EventDate "2004.03.20"]

1. d4 d5 2. c4 c6 3. cxd5 cxd5 4. Nc3 e5 5. Nf3 e4 6. Ne5 f6 7. Qa4+ Nd7 8.
Nxd7 Bxd7 9. Qb3 Bc6 10. Bf4 Ne7 11. e3 g5 12. Bg3 h5 13. h3 Nf5 14. Bb5 a6 15.
Bxc6+ bxc6 16. Rc1 Rh7 17. O-O Rd7 18. Na4 Nxg3 19. fxg3 Rb8 20. Qd1 g4 21.
Rxc6 Rd6 22. Rc2 Bh6 23. Qe2 Qd7 24. Nc5 Qg7 25. h4 a5 26. Rc3 Rdb6 27. b3 Qc7
28. Nxe4 Qe7 29. Nc5 Kf7 30. Kh2 Kg7 31. Qc2 Re8 32. Qf5 Qf7 33. Nd7 Rbe6 34.
Ne5 Rxe5 35. dxe5 Rxe5 36. Qxe5 fxe5 37. Rxf7+ Kxf7 38. Kg1 Ke7 39. Kf2 Kd6 40.
Rc8 d4 41. exd4 exd4 42. Ke2 Bg7 43. Ra8 1-0

[Event "Frauen Europameisterschaft"]
[Site "Dresden"]
[Date "2004.03.30"]
[Round "9.6"]
[White "Zielinska, M."]
[Black "Dzagnidze, N."]
[Result "1-0"]
[WhiteElo "2414"]
[BlackElo "2457"]
[PlyCount "159"]
[EventDate "2004.03.20"]

1. g3 c5 2. Bg2 g6 3. Nf3 Bg7 4. O-O Nf6 5. d3 d5 6. Nbd2 O-O 7. h3 d4 8. Nb3
Nfd7 9. Bd2 Nc6 10. Qc1 Re8 11. c3 a5 12. a4 Qb6 13. Ra3 dxc3 14. Bxc3 e5 15.
Nfd2 Qc7 16. Nc4 b6 17. Nbd2 Bb7 18. Ne4 Re6 19. h4 Nd4 20. Qd1 Nf6 21. Ng5 Re7
22. Bxb7 Qxb7 23. e3 Nc6 24. Qf3 Rb8 25. Ne4 Ne8 26. Rd1 f5 27. Ned6 Nxd6 28.
Nxd6 Qd7 29. Nc4 Qe6 30. Qe2 Rd7 31. Raa1 Ne7 32. Rd2 Nd5 33. Rad1 Nb4 34. Bxb4
axb4 35. b3 Qc6 36. Qf1 Rbd8 37. Qg2 Qf6 38. Qf3 Bh6 39. Kf1 Rf8 40. Kg2 Re7
41. Qd5+ Kh8 42. Re2 Rfe8 43. Rde1 Bg7 44. Kf1 e4 45. Rd1 exd3 46. Rxd3 Re6 47.
Red2 Bf8 48. Kg2 g5 49. hxg5 Qxg5 50. Rd1 Qg6 51. Rh1 Bg7 52. Qf3 Qf6 53. Rd7
h6 54. Rd5 Qc3 55. Rb1 Qc2 56. Qd1 Qc3 57. Rxf5 Rf6 58. Rxf6 Qxf6 59. Qf3 Qg6
60. Rd1 Rf8 61. Qe2 Qe4+ 62. Kg1 Qg6 63. Rd6 Qb1+ 64. Qd1 Qf5 65. Qe2 Qb1+ 66.
Qd1 Qf5 67. f4 Bf6 68. Qd5 Qb1+ 69. Qd1 Qf5 70. Kh2 Rg8 71. e4 Qg6 72. Qf3 Qg7
73. e5 Be7 74. Rxb6 Qh7 75. f5 h5 76. Rb7 Rf8 77. f6 h4 78. gxh4 Qg8 79. Rxe7
Qg6 80. Rg7 1-0

[Event "Frauen Europameisterschaft"]
[Site "Dresden"]
[Date "2004.03.30"]
[Round "9.8"]
[White "Kosintseva, N."]
[Black "Houska, J."]
[Result "1/2-1/2"]
[WhiteElo "2425"]
[BlackElo "2370"]
[PlyCount "65"]
[EventDate "2004.03.20"]

1. e4 c6 2. d4 d5 3. exd5 cxd5 4. c4 Nf6 5. Nc3 e6 6. Nf3 Bb4 7. cxd5 Nxd5 8.
Qc2 Nc6 9. Bd3 Ba5 10. a3 Nxc3 11. bxc3 Nxd4 12. Nxd4 Qxd4 13. Bb5+ Ke7 14. O-O
Qe5 15. a4 Bb6 16. Rd1 Bc5 17. g3 Qf5 18. Bd3 Qh5 19. Be4 Re8 20. c4 Kf8 21.
Bb2 Rb8 22. a5 Kg8 23. Bc3 e5 24. a6 bxa6 25. Ra5 Bxf2+ 26. Kxf2 Qxh2+ 27. Kf3
Qh3 28. Kf2 Qh2+ 29. Kf3 Qh3 30. Kf2 Qh2+ 31. Kf3 Qh3 32. Kf2 Qh2+ 33. Kf3
1/2-1/2

[Event "Frauen Europameisterschaft"]
[Site "Dresden"]
[Date "2004.03.30"]
[Round "9.9"]
[White "Foisor, C."]
[Black "Alexandrova, O."]
[Result "1-0"]
[WhiteElo "2404"]
[BlackElo "2437"]
[PlyCount "67"]
[EventDate "2004.03.20"]

1. d4 Nf6 2. c4 e6 3. Nc3 c5 4. d5 exd5 5. cxd5 d6 6. e4 g6 7. f3 Bg7 8. Be3
O-O 9. Qd2 a6 10. a4 h5 11. Be2 Nh7 12. f4 f5 13. Nf3 fxe4 14. Nxe4 Re8 15. Nc3
Qe7 16. Bf2 b5 17. axb5 Bd7 18. Bh4 g5 19. Bxg5 Nxg5 20. Nxg5 Bg4 21. Ne6 Bxe6
22. dxe6 Qxe6 23. O-O Ra7 24. Bxh5 Rf8 25. Bf3 Bd4+ 26. Kh1 Qh6 27. Bd5+ Kh8
28. Rf3 Rf5 29. Rh3 Rh5 30. Qe2 Rxh3 31. Qe8+ Kg7 32. Qg8+ Kf6 33. gxh3 Re7 34.
Ne4+ 1-0

[Event "Frauen Europameisterschaft"]
[Site "Dresden"]
[Date "2004.03.30"]
[Round "9.10"]
[White "Gaponenko, I."]
[Black "Bojkovic, N."]
[Result "1/2-1/2"]
[WhiteElo "2430"]
[BlackElo "2391"]
[PlyCount "105"]
[EventDate "2004.03.20"]

1. e4 c5 2. Nf3 d6 3. d4 cxd4 4. Nxd4 Nf6 5. Nc3 Nc6 6. Bg5 e6 7. Qd2 a6 8.
O-O-O Bd7 9. f3 Be7 10. h4 h6 11. Be3 h5 12. Bg5 Qc7 13. Kb1 Ne5 14. f4 Neg4
15. f5 b5 16. fxe6 fxe6 17. a3 O-O 18. Qe1 Qb6 19. Be2 Rf7 20. Rf1 Rb8 21. Bxg4
hxg4 22. e5 dxe5 23. Qxe5 b4 24. axb4 Bxb4 25. Nb3 Rbf8 26. Bxf6 gxf6 27. Qd4
Qxd4 28. Rxd4 Bxc3 29. Rxg4+ Kh7 30. bxc3 e5 31. Rg3 f5 32. Nc5 Bb5 33. Rd1 Re7
34. Rd6 f4 35. Rgg6 Rb8 36. Kc1 Be8 37. Rh6+ Kg7 38. Ne4 Bf7 39. Rxa6 Reb7 40.
Ng5 Rb1+ 41. Kd2 Rg1 42. Rh7+ Kg8 43. Rxf7 Rxg2+ 44. Kd3 Rxg5 45. hxg5 Kxf7 46.
Ke4 Rc8 47. Kxe5 Rxc3 48. Kxf4 Rxc2 49. Kf5 Rf2+ 50. Kg4 Rg2+ 51. Kh5 Rh2+ 52.
Kg4 Rg2+ 53. Kf5 1/2-1/2

[Event "Frauen Europameisterschaft"]
[Site "Dresden"]
[Date "2004.03.30"]
[Round "9.11"]
[White "Djingarova, E."]
[Black "Khurtsidze, N."]
[Result "0-1"]
[WhiteElo "2344"]
[BlackElo "2411"]
[PlyCount "176"]
[EventDate "2004.03.20"]

1. e4 c5 2. Nf3 e6 3. d4 cxd4 4. Nxd4 Nf6 5. Nc3 d6 6. g3 a6 7. Bg2 Be7 8. O-O
O-O 9. Be3 Nc6 10. Nxc6 bxc6 11. Na4 Rb8 12. c4 c5 13. Qe2 Qc7 14. f4 Bb7 15.
Nc3 Rbd8 16. Rad1 Nd7 17. g4 Nb8 18. g5 Nc6 19. Kh1 Rfe8 20. Rf3 g6 21. Rh3 Qb6
22. Qf2 Qb4 23. Bf3 Nd4 24. Qh4 h5 25. Bxd4 cxd4 26. Bxh5 Kg7 27. Bxg6 Rh8 28.
Bh7 Kf8 29. Rxd4 Qxb2 30. Rd1 Qc2 31. Qh6+ Ke8 32. Rhd3 Bf8 33. Qh3 Bg7 34. Nd5
Qxc4 35. Qh4 exd5 36. exd5 Kf8 37. g6 Re8 38. Qf2 Qe4+ 39. Kg1 fxg6 40. f5 Qg4+
41. Kf1 Re4 42. h3 Qh4 43. Qxh4 Rxh4 44. fxg6 Bc8 45. Kg2 R8xh7 46. gxh7 Rxh7
47. Rc1 Bd7 48. Rf3+ Ke7 49. Rc7 Be5 50. Ra7 Rg7+ 51. Kh1 Rh7 52. Kg2 Rg7+ 53.
Kh1 Bd4 54. Rxa6 Rg1+ 55. Kh2 Rd1 56. Ra5 Bb6 57. Ra8 Rxd5 58. Rh8 Rd2+ 59. Kg3
Bd4 60. Rh7+ Ke8 61. Ra3 Be5+ 62. Kh4 Rd4+ 63. Kg5 Ra4 64. Rxa4 Bxa4 65. h4 Bc2
66. Rc7 Be4 67. h5 d5 68. Rc1 Kd7 69. a4 Kd6 70. a5 Bb2 71. Rc8 Kd7 72. Rf8 Be5
73. Kh6 Bb2 74. Kg5 d4 75. h6 d3 76. Rf1 d2 77. a6 Kc6 78. Rd1 Bc3 79. a7 Kb7
80. Rf1 Bc2 81. Rf7+ Ka8 82. Rd7 d1=Q 83. Rxd1 Bxd1 84. h7 Bc2 85. Kf4 Bxh7 86.
Ke3 Be5 87. Kf3 Bf5 88. Ke3 Kxa7 0-1

[Event "Frauen Europameisterschaft"]
[Site "Dresden"]
[Date "2004.03.30"]
[Round "9.13"]
[White "Paehtz, E."]
[Black "Shaidullina, S."]
[Result "1/2-1/2"]
[WhiteElo "2399"]
[BlackElo "2316"]
[PlyCount "140"]
[EventDate "2004.03.20"]

1. e4 c5 2. Nf3 d6 3. d4 cxd4 4. Nxd4 Nf6 5. Nc3 Nc6 6. Bg5 e6 7. Qd2 Qb6 8.
Nb3 Be7 9. f3 O-O 10. O-O-O Rd8 11. Be3 Qc7 12. Qf2 d5 13. exd5 Nxd5 14. Nxd5
exd5 15. g4 Be6 16. Nd4 Nxd4 17. Bxd4 Rac8 18. Kb1 Bc5 19. Rg1 a5 20. f4 Qb6
21. Bxc5 Qxc5 22. Rd4 a4 23. a3 Rc6 24. Bd3 Rb8 25. f5 Bd7 26. Re1 Rb6 27. Qf4
Rc8 28. Rb4 Rxb4 29. axb4 Qb6 30. Re5 Re8 31. Rxe8+ Bxe8 32. Qe5 Kf8 33. Qxd5
Qxb4 34. Ka2 h6 35. h3 Qe7 36. Bb5 Bxb5 37. Qxb5 Qe4 38. Qd3 Qe8 39. Ka3 Kg8
40. Qd4 b5 41. Kb4 Qe2 42. Qd8+ Kh7 43. Qd3 Qe5 44. c3 Qh2 45. Kxb5 Qxb2+ 46.
Kxa4 Qa2+ 47. Kb4 Qb2+ 48. Kc4 Qa2+ 49. Kd4 Qa7+ 50. Ke4 Qe7+ 51. Kf3 Qh4 52.
Kg2 h5 53. Qe2 Qg5 54. c4 Qf4 55. c5 h4 56. Qf2 Qe4+ 57. Kg1 Qb1+ 58. Qf1 Qc2
59. Qf2 Qb1+ 60. Kh2 Qb8+ 61. Kg2 Qa8+ 62. Qf3 Qa2+ 63. Qf2 Qa8+ 64. Kg1 Qa1+
65. Kh2 Qe5+ 66. Kg2 Qe4+ 67. Kg1 Qb1+ 68. Qf1 Qc2 69. Qf2 Qb1+ 70. Kh2 Qb8+
1/2-1/2

[Event "Frauen Europameisterschaft"]
[Site "Dresden"]
[Date "2004.03.30"]
[Round "9.14"]
[White "Lomineishvili, M."]
[Black "Zakurdjaeva, I."]
[Result "1-0"]
[WhiteElo "2397"]
[BlackElo "2244"]
[PlyCount "99"]
[EventDate "2004.03.20"]

1. d4 d5 2. c4 e6 3. Nf3 c6 4. Nbd2 f5 5. g3 Nf6 6. Bg2 Bd6 7. O-O O-O 8. Qc2
b6 9. Ne5 Bb7 10. Ndf3 c5 11. dxc5 Bxc5 12. Nd3 Bd6 13. Bf4 Nc6 14. Rfd1 Rc8
15. Qa4 Re8 16. Rac1 dxc4 17. Nc5 Bxc5 18. Rxd8 Rcxd8 19. Ne5 Nxe5 20. Bxe5 Ne4
21. Bxe4 Bxe4 22. Qxc4 Rc8 23. Qa6 Kf7 24. e3 Rcd8 25. Bc3 Rd3 26. Qxa7+ Re7
27. Qa4 Red7 28. Bd4 Ke7 29. Bxc5+ bxc5 30. Rf1 Bf3 31. Qf4 Bb7 32. f3 h6 33.
Qe5 Kf7 34. Qxc5 g5 35. a4 h5 36. Qe5 g4 37. e4 Rxf3 38. exf5 exf5 39. Rxf3
gxf3 40. Qxf5+ Ke8 41. Qxh5+ Kd8 42. Qg5+ Kc8 43. h4 Rd1+ 44. Kf2 Rh1 45. Qf5+
Kd8 46. h5 Rh2+ 47. Ke3 Re2+ 48. Kd4 f2 49. h6 Ba6 50. h7 1-0

[Event "Frauen Europameisterschaft"]
[Site "Dresden"]
[Date "2004.03.30"]
[Round "9.15"]
[White "Sebag, M."]
[Black "Sharevich, A."]
[Result "1-0"]
[WhiteElo "2404"]
[BlackElo "2236"]
[PlyCount "69"]
[EventDate "2004.03.20"]

1. e4 c5 2. Nf3 e6 3. d4 cxd4 4. Nxd4 a6 5. Bd3 Qb6 6. c3 Nc6 7. O-O Qc7 8. Be3
Nf6 9. f4 d6 10. Kh1 Be7 11. c4 O-O 12. Nc3 Nd7 13. Rc1 Nxd4 14. Bxd4 Bf6 15.
Bxf6 Nxf6 16. Qe1 Nd7 17. Qh4 Qd8 18. Qh3 Nc5 19. Bb1 h6 20. b4 Nd7 21. Qd3 Nf6
22. Rcd1 Ng4 23. h3 Qh4 24. Kg1 e5 25. hxg4 Bxg4 26. Rd2 exf4 27. Rxf4 Rae8 28.
g3 Qg5 29. e5 g6 30. Ne4 Bf5 31. Rxf5 Qxf5 32. Nf6+ Kg7 33. Nxe8+ Rxe8 34. Qxf5
gxf5 35. exd6 1-0

[Event "Frauen Europameisterschaft"]
[Site "Dresden"]
[Date "2004.03.30"]
[Round "9.16"]
[White "Kovalevskaya, E."]
[Black "Lagvilava, G."]
[Result "1-0"]
[WhiteElo "2451"]
[BlackElo "2302"]
[PlyCount "161"]
[EventDate "2004.03.20"]

1. e4 c6 2. d4 d5 3. Nd2 dxe4 4. Nxe4 Bf5 5. Ng3 Bg6 6. h4 h6 7. Nf3 Nd7 8. h5
Bh7 9. Bd3 Bxd3 10. Qxd3 Qc7 11. Bd2 Ngf6 12. O-O-O O-O-O 13. Qe2 e6 14. Ne5
Nxe5 15. dxe5 Nd5 16. f4 Be7 17. Ne4 Qb6 18. c4 Qa6 19. Kb1 Nb6 20. b3 Rd7 21.
Be3 Rhd8 22. Bc5 Qa5 23. Bxe7 Rxe7 24. Rxd8+ Kxd8 25. Rd1+ Kc7 26. Nd6 Qb4 27.
Qd3 Rd7 28. Kb2 a5 29. a3 Qc5 30. Rd2 f6 31. Qc3 fxe5 32. Qxe5 Qxe5+ 33. fxe5
Re7 34. Kc3 Nd7 35. Kd4 b6 36. b4 c5+ 37. bxc5 Nxc5 38. Rf2 Nb7 39. Nb5+ Kd7
40. Ke3 Nc5 41. Nd6 Kc7 42. Rf8 Kd7 43. Nc8 Re8 44. Nxb6+ Ke7 45. Rxe8+ Kxe8
46. Nc8 Kd7 47. Nd6 Nb3 48. Ne4 Kc6 49. Kd3 Kb6 50. Kc3 a4 51. Kb4 Nd4 52. Kxa4
Nc6 53. c5+ Ka6 54. Nd6 Nxe5 55. Kb4 g6 56. Ne8 gxh5 57. Nc7+ Kb7 58. Nxe6 Kc6
59. Nd4+ Kd5 60. c6 Kxd4 61. c7 Nc6+ 62. Kb5 Kd5 63. Kb6 Ne7 64. Kb7 Kc4 65.
c8=Q+ Nxc8 66. Kxc8 Kb3 67. Kd7 Kxa3 68. Ke6 Kb4 69. Kf5 Kc5 70. Kg6 Kd5 71.
Kxh6 h4 72. Kg5 Ke5 73. Kxh4 Kf5 74. Kh5 Kf6 75. g4 Kg7 76. Kg5 Kh7 77. Kf6 Kh6
78. g5+ Kh7 79. Kf7 Kh8 80. Kg6 Kg8 81. Kh6 1-0

[Event "Frauen Europameisterschaft"]
[Site "Dresden"]
[Date "2004.03.30"]
[Round "9.17"]
[White "Calotescu, A."]
[Black "Pogonina, N."]
[Result "1/2-1/2"]
[WhiteElo "2290"]
[BlackElo "2382"]
[PlyCount "64"]
[EventDate "2004.03.20"]

1. Nf3 Nf6 2. c4 c5 3. Nc3 d5 4. cxd5 Nxd5 5. d4 Nxc3 6. bxc3 g6 7. e4 Bg7 8.
Be3 O-O 9. Qd2 Bg4 10. Be2 Qc7 11. O-O Nc6 12. Rac1 Rad8 13. Qb2 Na5 14. Qb5
Bxf3 15. Bxf3 a6 16. Qxc5 Qxc5 17. dxc5 Nc4 18. Bg5 f6 19. Be2 fxg5 20. Bxc4+
Kh8 21. Bd5 Rc8 22. Bxb7 Rxc5 23. Bxa6 Ra8 24. Bb7 Rxa2 25. Bd5 Re2 26. c4 Bd4
27. Rb1 Ra5 28. Rb8+ Kg7 29. Ra8 Rxa8 30. Bxa8 Rc2 31. g3 Rxc4 32. Rd1 e5
1/2-1/2

[Event "Frauen Europameisterschaft"]
[Site "Dresden"]
[Date "2004.03.30"]
[Round "9.18"]
[White "Stepovaia, T."]
[Black "Calzetta Ruiz, M."]
[Result "0-1"]
[WhiteElo "2374"]
[BlackElo "2291"]
[PlyCount "131"]
[EventDate "2004.03.20"]

1. e4 c5 2. Nf3 g6 3. d4 cxd4 4. Nxd4 Nf6 5. Nc3 d6 6. Be3 Bg7 7. f3 O-O 8. Qd2
Nc6 9. Bc4 Bd7 10. O-O-O Rb8 11. Bb3 Na5 12. Bh6 Nxb3+ 13. cxb3 Qa5 14. Bxg7
Kxg7 15. Kb1 Rbc8 16. g4 Rc5 17. h4 h5 18. g5 Ne8 19. Nc2 Qd8 20. Ne3 b5 21. b4
Rc6 22. f4 a5 23. f5 axb4 24. Qd4+ Kg8 25. Qxb4 Nc7 26. Ncd5 Nxd5 27. exd5 Ra6
28. fxg6 fxg6 29. Qe4 Qe8 30. b3 Qf7 31. Rhf1 Qg7 32. Qd4 Qxd4 33. Rxd4 Raa8
34. Re4 Rfe8 35. Rc1 Rac8 36. Rxc8 Bxc8 37. Kb2 e5 38. dxe6 Bb7 39. Rd4 Rxe6
40. Nc2 Kf7 41. Rf4+ Ke7 42. Nd4 Re5 43. Kc3 Re3+ 44. Kb4 Rg3 45. Kxb5 Rg4 46.
Ne2 Rg2 47. Nc3 Rg4 48. Rc4 Bg2 49. Kb6 d5 50. Rc7+ Ke6 51. Nb5 Rxh4 52. Rc2
Rg4 53. Nd4+ Kd6 54. Nb5+ Ke5 55. a4 h4 56. a5 h3 57. a6 d4 58. a7 d3 59. Rd2
Rb4 60. Kc5 Rxb3 61. Kc4 Bd5+ 62. Kc5 Be4 63. Nd6 Rc3+ 64. Nc4+ Kf4 65. Kd4 Rc2
66. Rd1 0-1

[Event "Frauen Europameisterschaft"]
[Site "Dresden"]
[Date "2004.03.30"]
[Round "9.19"]
[White "Malysheva, P."]
[Black "Dworakowska, J."]
[Result "0-1"]
[WhiteElo "2281"]
[BlackElo "2370"]
[PlyCount "76"]
[EventDate "2004.03.20"]

1. e4 c5 2. Nf3 d6 3. d4 cxd4 4. Nxd4 Nf6 5. Nc3 a6 6. Be3 e5 7. Nb3 Be7 8. f3
Be6 9. Qd2 Nbd7 10. g4 O-O 11. O-O-O Qc7 12. g5 Nh5 13. Kb1 Rfc8 14. Rg1 b5 15.
Nd5 Bxd5 16. exd5 Nb6 17. Na5 Nf4 18. Bxf4 exf4 19. Bh3 Re8 20. Qxf4 g6 21. Qb4
Bf8 22. f4 Re2 23. Rd2 Re3 24. Bg2 Bg7 25. f5 gxf5 26. c3 Nc4 27. Nxc4 bxc4 28.
Rc1 Rb8 29. Qa3 Qe7 30. Rdc2 Re2 31. Qa4 Bxc3 32. Rxc3 Rbxb2+ 33. Ka1 Rxg2 34.
Qxc4 Qe5 35. Qa4 Rxh2 36. Qa5 Kg7 37. Qa4 Rhd2 38. Qa3 Qe2 0-1

[Event "Frauen Europameisterschaft"]
[Site "Dresden"]
[Date "2004.03.30"]
[Round "9.20"]
[White "Makka, I."]
[Black "Zaiatz, E."]
[Result "0-1"]
[WhiteElo "2205"]
[BlackElo "2333"]
[PlyCount "142"]
[EventDate "2004.03.20"]

1. e4 e5 2. Nf3 Nc6 3. Bb5 Nf6 4. Bxc6 dxc6 5. d3 Bd6 6. Nbd2 c5 7. b3 O-O 8.
Bb2 Nd7 9. Nc4 Qe7 10. O-O Re8 11. Kh1 b5 12. Ne3 Nf8 13. Ng1 Qg5 14. Bc1 Qd8
15. Ne2 Ne6 16. Nf5 Nd4 17. Nxd6 Qxd6 18. Ng3 Qg6 19. Be3 Ne6 20. Ne2 c4 21.
Nc3 cxd3 22. cxd3 c6 23. Ne2 Rd8 24. Rc1 Bb7 25. Qc2 c5 26. Rcd1 f5 27. f3 Rac8
28. Qb2 Nd4 29. Bxd4 cxd4 30. b4 fxe4 31. fxe4 Qe6 32. Nc1 Rc6 33. Nb3 Bc8 34.
Nc5 Qh6 35. Rd2 Rf6 36. Rdf2 Rdf8 37. Qb3+ Kh8 38. Rxf6 Rxf6 39. Rg1 Qf4 40.
Qd5 Rf8 41. Qc6 h5 42. Qxb5 h4 43. Nd7 Bxd7 44. Qxd7 Rf7 45. Qc8+ Kh7 46. Qc1
Qxc1 47. Rxc1 Rf2 48. Kg1 Rxa2 49. Rc5 Rd2 50. Rxe5 Rxd3 51. Re7 Rb3 52. Rxa7
Rxb4 53. Kf2 Kg6 54. Ra2 Kg5 55. Ke2 Rb3 56. Ra4 Re3+ 57. Kd2 Rxe4 58. Kd3 Re3+
59. Kxd4 Re2 60. Ra5+ Kg4 61. h3+ Kf4 62. Rh5 g5 63. Rh8 Rd2+ 64. Kc3 Rxg2 65.
Kd4 Kg3 66. Ke4 Kxh3 67. Ra8 g4 68. Ra1 Kh2 69. Kf4 g3 70. Kg4 h3 71. Ra3 Rb2
0-1

[Event "Frauen Europameisterschaft"]
[Site "Dresden"]
[Date "2004.03.30"]
[Round "9.21"]
[White "Bosboom-Lanchava, T."]
[Black "Nill, J."]
[Result "1-0"]
[WhiteElo "2323"]
[BlackElo "2246"]
[PlyCount "93"]
[EventDate "2004.03.20"]

1. d4 d5 2. Nf3 c6 3. c4 e6 4. Nbd2 Nf6 5. Qc2 Nbd7 6. a3 Be7 7. e4 dxe4 8.
Nxe4 Nxe4 9. Qxe4 c5 10. Be3 Qb6 11. O-O-O O-O 12. Qc2 Qc7 13. Bd3 h6 14. g4 e5
15. d5 b5 16. g5 h5 17. g6 fxg6 18. Be4 Qd6 19. Rhg1 Rb8 20. Rxg6 Rf6 21. Rdg1
Rxg6 22. Rxg6 Bf6 23. Nd2 b4 24. axb4 Rxb4 25. Bf5 Qa6 26. Be6+ Kh8 27. Bh6 e4
28. Bxd7 Qa1+ 29. Nb1 Bxd7 30. Rxf6 gxf6 31. Qc3 Qa6 32. Na3 Kh7 33. Bf8 Rb8
34. Bxc5 Bg4 35. Qd4 f5 36. d6 Rd8 37. Qf6 Rd7 38. Kb1 Qc6 39. Qe5 a6 40. Nc2
Qa4 41. Qd5 Kg6 42. Ne3 Qb3 43. Qe6+ Kg5 44. Qxd7 f4 45. Qe7+ Kh6 46. Nxg4+
hxg4 47. Qf6+ 1-0

[Event "Frauen Europameisterschaft"]
[Site "Dresden"]
[Date "2004.03.30"]
[Round "9.22"]
[White "Olarasu, G."]
[Black "Jelica, M."]
[Result "1-0"]
[WhiteElo "2311"]
[BlackElo "2222"]
[PlyCount "174"]
[EventDate "2004.03.20"]

1. d4 Nf6 2. c4 g6 3. Nf3 Bg7 4. g3 O-O 5. Bg2 d6 6. O-O c6 7. Nc3 Nbd7 8. e4
e5 9. h3 exd4 10. Nxd4 Qb6 11. Nde2 Qb4 12. Bf4 Ne8 13. Qb3 Qxb3 14. axb3 Nc5
15. Nc1 Ne6 16. Be3 Nd4 17. Rd1 c5 18. Bxd4 Bxd4 19. N1e2 Bf6 20. Nb5 Bxb2 21.
Rxa7 Rxa7 22. Nxa7 Bd7 23. f4 f6 24. Rd2 Ba3 25. e5 fxe5 26. fxe5 b6 27. Bd5+
Kg7 28. e6 Bxe6 29. Bxe6 Rf3 30. Nb5 Rxb3 31. Nxa3 Rxa3 32. Bd7 Kf8 33. Bxe8
Kxe8 34. Rxd6 Rb3 35. Kf2 Rb4 36. Ke3 Ke7 37. Rc6 Kd7 38. Rf6 Ke7 39. Rf4 b5
40. cxb5 Rxb5 41. Nc3 Rb3 42. Kd3 Rb2 43. Ne4 Ra2 44. Rf2 Ra3+ 45. Nc3 Ra1 46.
Ra2 Rg1 47. Ne4 Rd1+ 48. Ke2 Rc1 49. Kd2 Rg1 50. Rc2 Rh1 51. Nf2 Rg1 52. Rc3
Rg2 53. Ke2 Rg1 54. Kf3 Ra1 55. Rxc5 h6 56. Rc6 Ra3+ 57. Kg2 Kf7 58. h4 h5 59.
Ne4 Rb3 60. Rc7+ Kf8 61. Ng5 Rb6 62. Kf3 Rf6+ 63. Ke4 Ra6 64. Ke5 Ra3 65. Kf6
Ke8 66. Ne4 Ra6+ 67. Kg5 Kf8 68. Rd7 Re6 69. Kf4 Re8 70. Rh7 Re6 71. Rd7 Re8
72. Nc3 Re6 73. Nd5 Ra6 74. Kg5 Ra3 75. Kxg6 Rxg3+ 76. Kxh5 Rg1 77. Nf4 Rf1 78.
Kg5 Kg8 79. h5 Rg1+ 80. Kf5 Rh1 81. Ne6 Rf1+ 82. Kg6 Rg1+ 83. Ng5 Kf8 84. Rf7+
Kg8 85. Ra7 Kf8 86. h6 Rb1 87. Ra8+ Ke7 1-0

[Event "Frauen Europameisterschaft"]
[Site "Dresden"]
[Date "2004.03.30"]
[Round "9.23"]
[White "Shmirina, E."]
[Black "Sudakova, I."]
[Result "1/2-1/2"]
[WhiteElo "2135"]
[BlackElo "2310"]
[PlyCount "62"]
[EventDate "2004.03.20"]

1. d4 d5 2. e3 Nf6 3. Bd3 e6 4. f4 Ne4 5. Nf3 Bd6 6. c3 O-O 7. Nbd2 f5 8. O-O
Qe7 9. Be2 c5 10. Nxe4 dxe4 11. Ne5 Bxe5 12. dxe5 Nc6 13. Qc2 b6 14. b3 Bb7 15.
Bb2 Na5 16. Rad1 g5 17. g3 gxf4 18. gxf4 Kh8 19. Rd6 Rg8+ 20. Kh1 Qh4 21. Bd1
Qh3 22. Qf2 Ba6 23. c4 Rg6 24. Rg1 Rxg1+ 25. Qxg1 Rg8 26. Qf2 Bc8 27. Be2 Nb7
28. Rd1 Nd8 29. Rg1 Rxg1+ 30. Qxg1 Qh4 31. Bc3 Nc6 1/2-1/2

[Event "Frauen Europameisterschaft"]
[Site "Dresden"]
[Date "2004.03.30"]
[Round "9.24"]
[White "Muzychuk, A."]
[Black "Bashkite, V."]
[Result "1/2-1/2"]
[WhiteElo "2367"]
[BlackElo "2119"]
[PlyCount "54"]
[EventDate "2004.03.20"]

1. e4 e6 2. d4 d5 3. Nc3 dxe4 4. Nxe4 Nd7 5. Nf3 Be7 6. g3 Ngf6 7. Nxf6+ Bxf6
8. Bg2 O-O 9. O-O e5 10. Be3 exd4 11. Bxd4 c5 12. Bxf6 Nxf6 13. Qxd8 Rxd8 14.
Ne5 g6 15. Nd3 Bf5 16. Nxc5 Rac8 17. Nxb7 Rd2 18. Rfc1 Rcxc2 19. Rxc2 Rxc2 20.
b4 Be4 21. Nc5 Bxg2 22. Kxg2 Ng4 23. Nd3 Rd2 24. h3 Ne3+ 25. Kh2 Rxd3 26. fxe3
Rxe3 27. Rg1 Re4 1/2-1/2

[Event "Frauen Europameisterschaft"]
[Site "Dresden"]
[Date "2004.03.30"]
[Round "9.25"]
[White "Radziewicz, I."]
[Black "Partac, E."]
[Result "1-0"]
[WhiteElo "2442"]
[BlackElo "2230"]
[PlyCount "132"]
[EventDate "2004.03.20"]

1. e4 c5 2. Nc3 Nc6 3. Bb5 g6 4. Bxc6 dxc6 5. d3 Bg7 6. Be3 b6 7. f4 Nf6 8. h3
Nh5 9. Nge2 Bd4 10. Qd2 e5 11. O-O-O exf4 12. Nxf4 Nxf4 13. Bxf4 Be6 14. e5
Bxc3 15. bxc3 b5 16. Qf2 Qd5 17. c4 Qd4 18. Qxd4 cxd4 19. Rhe1 O-O-O 20. cxb5
cxb5 21. Kb2 Kb7 22. Bd2 Rc8 23. Re4 Rhd8 24. Bb4 Rc6 25. Rf1 Rdc8 26. Rf2 Ra6
27. a3 Ra4 28. Ref4 a5 29. Bd6 b4 30. Rxf7+ Bxf7 31. Rxf7+ Kc6 32. axb4 axb4
33. Rxh7 Rca8 34. Rc7+ Kd5 35. Rc5+ Ke6 36. Kb3 Ra3+ 37. Kc4 Rc3+ 38. Kxd4 Rxc5
39. Bxc5 Ra2 40. Bxb4 Rxc2 41. g4 Re2 42. Bd6 Rh2 43. Ke4 Rxh3 44. d4 Rh1 45.
d5+ Kd7 46. Bc5 Re1+ 47. Kf4 g5+ 48. Kf5 Rf1+ 49. Kxg5 Rd1 50. e6+ Ke8 51. Kf6
Rxd5 52. Be3 Rd1 53. Bg5 Rd4 54. Kf5 Rd5+ 55. Kg6 Rd4 56. Kf5 Rd5+ 57. Kf4 Rd4+
58. Kf3 Rd6 59. e7 Rd3+ 60. Ke4 Ra3 61. Bf6 Ra4+ 62. Kf5 Kf7 63. g5 Ra5+ 64.
Kg4 Ra2 65. g6+ Ke8 66. Kh5 Rg2 1-0